| 000 | 00605nam a22001697a 4500 | ||
|---|---|---|---|
| 005 | 20120128170337.0 | ||
| 008 | 120128t xxu||||| |||| 00| 0 eng d | ||
| 020 |
_a8186877835 _cRs 75.00 |
||
| 035 | _aB-29866 | ||
| 040 |
_aDPL _bENG |
||
| 100 |
_aSyed _940302 |
||
| 245 |
_aUpkar Delhi general knowledge : _bComprehensive reference book on National Capital / _cby Syed |
||
| 260 |
_aNew Delhi _bRamesh Publishing House _c2000 |
||
| 300 |
_a336p. _c22 cms. |
||
| 942 |
_2ddc _cEN _h000 _mRGU |
||
| 999 |
_c61612 _d61612 |
||